RHS gardening school : (Record no. 1858)

MARC details
000 -LEADER
fixed length control field 02586cam a22004457i 4500
001 - CONTROL NUMBER
control field data
005 - DATE AND TIME OF LATEST TRANSACTION
control field 20260322212121.0
008 - FIXED-LENGTH DATA ELEMENTS--GENERAL INFORMATION
fixed length control field data
035 ## - SYSTEM CONTROL NUMBER
System control number 23711316
010 ## - LIBRARY OF CONGRESS CONTROL NUMBER
LC control number 2024402335
020 ## - INTERNATIONAL STANDARD BOOK NUMBER
International Standard Book Number 9781784728106
Qualifying information (hardcover)
020 ## - INTERNATIONAL STANDARD BOOK NUMBER
Canceled/invalid ISBN 9781784728298
Qualifying information (ePub ebook)
035 ## - SYSTEM CONTROL NUMBER
System control number (OCoLC)1246284087
040 ## - CATALOGING SOURCE
Original cataloging agency YDX
Language of cataloging eng
Description conventions rda
Transcribing agency YDX
Modifying agency DLC
-- OCLCO
-- OCLCF
-- ZQP
-- NTG
-- OCLCO
-- UPM
-- JQF
-- OCLCO
-- DLC
042 ## - AUTHENTICATION CODE
Authentication code lccopycat
050 00 - LIBRARY OF CONGRESS CALL NUMBER
Classification number SB453
Item number .A545 2021
082 04 - DEWEY DECIMAL CLASSIFICATION NUMBER
Classification number 635
Edition information 23
100 1# - MAIN ENTRY--PERSONAL NAME
Personal name Akeroyd, Simon,
Relator term author.
245 10 - TITLE STATEMENT
Title RHS gardening school :
Remainder of title everything you need to know to get the most from your garden /
Statement of responsibility, etc. Simon Akeroyd & Ross Bayton.
246 3# - VARYING FORM OF TITLE
Title proper/short title Royal Horticultural Society gardening school
246 3# - VARYING FORM OF TITLE
Title proper/short title Gardening school
250 ## - EDITION STATEMENT
Edition statement Revised and updated edition.
264 #1 - PRODUCTION, PUBLICATION, DISTRIBUTION, MANUFACTURE, AND COPYRIGHT NOTICE
Place of production, publication, distribution, manufacture London :
Name of producer, publisher, distributor, manufacturer Mitchell Beazley,
Date of production, publication, distribution, manufacture, or copyright notice 2021.
300 ## - PHYSICAL DESCRIPTION
Extent 256 pages :
Other physical details color illustrations ;
Dimensions 26 cm
336 ## - CONTENT TYPE
Content type term text
Content type code txt
Source rdacontent
336 ## - CONTENT TYPE
Content type term still image
Content type code sti
Source rdacontent
337 ## - MEDIA TYPE
Media type term unmediated
Media type code n
Source rdamedia
338 ## - CARRIER TYPE
Carrier type term volume
Carrier type code nc
Source rdacarrier
504 ## - BIBLIOGRAPHY, ETC. NOTE
Bibliography, etc. note Includes bibliographical references and index.
520 ## - SUMMARY, ETC.
Summary, etc. Keen amateur gardeners and aspiring professionals can learn from the expertise of the RHS with this handy guide. It doesn't matter if you're an old hand at gardening or just starting out, there are always things to discover and opportunities to improve, whether it's mastering a new technique or brushing up on your botany. RHS Gardening School is the perfect guide for gardeners who want to learn. Hands-on guidance and step-by-step instructions explain topics such as pruning, pest and diseases, weed removal and caring for lawns. Expert gardeners explain the underlying principles in plain English, while clear diagrams and beautiful photographs inspire and inform. This revised edition will have a fresh new look with new illustrations and photographs and an easy-to-navigate layout making it an ideal handbook for the new gardener. Become a better, smarter, more productive gardener with this complete guide to horticulture in one handy book.
650 #0 - SUBJECT ADDED ENTRY--TOPICAL TERM
Topical term or geographic name entry element Gardening.
650 #7 - SUBJECT ADDED ENTRY--TOPICAL TERM
Topical term or geographic name entry element gardening.
Source of heading or term aat
650 #7 - SUBJECT ADDED ENTRY--TOPICAL TERM
Topical term or geographic name entry element Gardening
Source of heading or term fast
700 1# - ADDED ENTRY--PERSONAL NAME
Personal name Bayton, Ross,
Relator term author.
710 2# - ADDED ENTRY--CORPORATE NAME
Corporate name or jurisdiction name as entry element Royal Horticultural Society (Great Britain),
Relator term issuing body.
776 08 - ADDITIONAL PHYSICAL FORM ENTRY
Relationship information ebook version :
International Standard Book Number 9781784728298
906 ## - LOCAL DATA ELEMENT F, LDF (RLIN)
a 7
b cbc
c copycat
d 2
e ncip
f 20
g y-gencatlg
925 0# -
-- acquire
-- 1 shelf copy
-- policy default
Holdings
Withdrawn status Lost status Damaged status Not for loan Home library Current library Shelving location Date acquired Total checkouts Full call number Barcode Date last seen Price effective from Koha item type
        Centerville Centerville General stacks 22/03/2026   635 LOC-CPL-00026 22/03/2026 22/03/2026 Books